000 01667nam a22002537a 4500
003 Uzh_bibl
008 260408b |||||||| |||| 00| 0 ukr d
020 _c1.00
040 _aукр.
041 _2ukr
_aukr
080 _a821(477)
090 _a821(477)
_bП 48
100 _aПокальчук, Юрій
245 _aКава з Матагальпи
_cХудож. оформ. Л.О. Шурховецького
_hТекст
260 _aКиїв
_bМолодь
_c1987
300 _a224 с.
_fВ опр.
520 _aКнига українського письменника, який не раз бував у країнах Латинської Америки, присвячена героїчній боротьбі нікарагуанського народу за свободуі незалежність своєї батьківщини - Республіки Нікарагуа.
521 _aДля широкого кола читачів
546 _aукр.
650 _aЛітературно-художнє видання
_yХХ століття, період політичних конфліктів і революційних подій
_zПодії відбуваються в країнах Латинської Америки (зокрема Нікарагуа, регіон Матагальпа), а також у різних міських і військових просторах
653 _aЛатинська Америка
_a Революція
_aВійна
_aСвобода
_aЛюдина
655 _aОповідання (збірка оповідань)
_vОповідання, повісті
942 _2udc
_cBK
999 _c17291
_d17291